000 00681nam a2200157 i 4500
001 173216
003 ES-MaACL
005 20230906215158.0
008 091118q1914 mx 000 0 spa d
245 0 4 _aLos diez mandamientos revolucionarios.
260 _a[México :
_bs.n.,
_cca. 1914]
300 _a1 h. pleg ;
_c33 cm.
597 _a1 h. naranja de papel seda, doblada, que contiene: Los diez mandamientos revolucionarios, un credo en la parte superior, y en la inferior otro credo firmado por P.M.S. y L. de la R.
651 4 _aMéxico-
_xHistoria-
_y1910-1917, Revolución armada.
_9151495
852 4 _aES-MaACL
_j2254-F-33
_x- Hoja encontrada dentro del folleto 1498-F-5
999 _c173216
_d173216